Cesta k inteligentní logistice
Inteligentné logistické systémy a ich úloha pri zvládnutí informačných a komunikačných tokov. Technológia RFID a jej využitie v logistike. Trend k individualizácii podnikov a nové úlohy pre podniky. Zabespečenie hodnototvorného reťazca technológiou RFID.
Saved in:
| Format: | Book Chapter |
|---|---|
| Language: | Czech |
| Subjects: | |
| Tags: |
No Tags, Be the first to tag this record!
|
MARC
| LEADER | 00000naa$a2200000$$$4500 | ||
|---|---|---|---|
| 001 | 0050127 | ||
| 005 | 20231113115513.1 | ||
| 041 | 0 | |a cze | |
| 044 | |a CZ | ||
| 245 | 1 | 0 | |a Cesta k inteligentní logistice |
| 520 | |a Inteligentné logistické systémy a ich úloha pri zvládnutí informačných a komunikačných tokov. Technológia RFID a jej využitie v logistike. Trend k individualizácii podnikov a nové úlohy pre podniky. Zabespečenie hodnototvorného reťazca technológiou RFID. | ||
| 610 | 2 | 0 | |a logistika |
| 610 | 2 | 0 | |a tok materiálu |
| 610 | 2 | 0 | |a tok informácií |
| 610 | 2 | 0 | |a technológie nové |
| 610 | 2 | 0 | |a reťazce logistické |
| 610 | 2 | 0 | |a vzťahy dodávateľsko-odberateľské |